Nederlands Elftal - 1974 - Statistieken

Algemene statistieken
  • Deze quiz is 19 keer genomen
  • De gemiddelde score is 10 van 22
Antwoordstatistieken
Foto Antwoord % Correct
Johan Cruijff
100%
Willem van Hanegem
80%
Johan Neeskens
73%
Arie Haan
67%
Johnny Rep
60%
Jan Jongbloed
53%
René van de Kerkhof
53%
Rinus Israël
53%
Rob Rensenbrink
53%
Theo de Jong
53%
Willy van de Kerkhof
53%
Piet Keizer
47%
Piet Schrijvers
47%
Ruud Geels
47%
Ruud Krol
47%
Wim Suurbier
47%
Wim Jansen
40%
Wim Rijsbergen
33%
Eddy Treijtel
20%
Harry Vos
13%
Pleun Strik
7%
Kees van Ierssel
0%
Geen overeenkomende quizzen gevonden
Scoreverdeling
Procent van Mensen met Elke Score
Percentiel versus Aantal Correcte Antwoorden
Uw Scoregeschiedenis
U heeft deze quiz nog niet genomen